Drogi krajowe z drogami europejskimi - Polska - Statystyki

Ogólne statystyki
  • Ten quiz został rozwiązany 54 razy
  • Średni wynik to 14 z 18
Statystyki odpowiedzi
Odpowiedź % Poprawnych
2
98%
6
98%
7
95%
4
93%
3
91%
8
86%
1
81%
22
81%
5
81%
61
77%
18
74%
17
70%
19
65%
52
65%
12
63%
91
60%
68
58%
9
58%
Nie znaleziono quizów pasujących do podanych kryteriów
Rozkład punktacji
Procent ludzi z każdym wynikiem
Percentyl według liczby udzielonych odpowiedzi
Twoja historia wyników
Nie rozwiązałeś tego quizu